[Event "Challenge"]
[Site "http://www.queenalice.com/game.php?id=290433"]
[Date "2007.10.21"]
[Round "-"]
[White "theblackfox"]
[Black "Icarvs"]
[Result "1/2-1/2"]
[WhiteElo "1594"]
[BlackElo "1529"]

1. e4 e5 2. Nf3 f5 3. Nc3 d6 4. Bc4 Nf6 5. O-O Be7 6. d4 h6 7. dxe5 Nxe4 8. Nd5
g5 9. b3 Nc6 10. Ba3 Nxe5 11. Re1 Nxc4 12. bxc4 Be6 13. Nb4 Qd7 14. Bb2 Rf8 15.
Bg7 Rg8 16. Bxh6 Bxc4 17. Nd4 O-O-O 18. a4 d5 19. a5 Bc5 20. Na2 f4 21. c3 Bxd4
22. Qxd4 Rh8 23. Bg7 c5 24. Qe5 Rh5 25. Bf6 Qd6 26. Qe7 Qxe7 27. Bxe7 Re8 28.
Bf6 g4 29. Nc1 g3 30. fxg3 fxg3 31. h3 d4 32. cxd4 Bb5 33. Nb3 Bc6 34. dxc5 Nxf6
35. Rxe8+ Bxe8 36. Rf1 Ne4 37. Rf8 Kd7 38. Rg8 Bf7 39. Rg7 Ke7 40. Rg4 Nf2 41.
Rxg3 Ne4 42. Re3 Bd5 43. g4 Rh8 44. Nd4 Kd7 45. c6+ bxc6 46. a6 c5 47. Nf3 c4
48. Ne5+ Ke6 49. Nxc4 Rb8 50. Na5 Rb1+ 51. Kg2 Ke5 52. h4 Kd4 53. Ra3 Rb2+ 54.
Kf3 Nc5+ 55. Kg3 Ke4 56. h5 Rb1 57. g5 Rg1+ 58. Kh4 Kf4 59. g6 Be6 60. h6 Rxg6
61. Kh5 Rg1 62. h7 Rh1+ 63. Kg6 Bf5+ 64. Kg7 Rxh7+ 65. Kf6 Be4 66. Nc4 Rh6+ 67.
Ke7 Bd5 68. Nd2 Rh7+ 69. Kd6 Ne4+ 70. Kxd5 Nxd2 71. Ra4+ Kg3 72. Kc6 Nf3 73. Rb4
Ne5+ 74. Kd6 Nf7+ 75. Ke6 Ng5+ 76. Kf6 Nf3 77. Rb7 Rh6+ 78. Kf5 Rxa6 79. Ke4
Ra4+ 80. Ke3 Ng5 81. Rg7 a6 82. Rxg5+ Rg4 83. Rxg4+ Kxg4 84. Kd4 Kf5 85. Kc5 Ke6
86. Kb6 Kd6 87. Kxa6 Kc5 88. Kb7 1/2-1/2

[Event "Challenge"]
[Site "http://www.queenalice.com/game.php?id=290434"]
[Date "2007.10.21"]
[Round "-"]
[White "theblackfox"]
[Black "Icarvs"]
[Result "1-0"]
[WhiteElo "1591"]
[BlackElo "1525"]

1. e4 e5 2. Nf3 f5 3. Nc3 d6 4. Bc4 Nf6 5. O-O Be7 6. Ng5 d5 7. exd5 Bd6 8. Nb5
O-O 9. a4 e4 10. d3 c6 11. dxc6+ Kh8 12. Nf7+ Rxf7 13. Bxf7 Nxc6 14. Bg5 1-0

[Event "Challenge"]
[Site "http://www.queenalice.com/game.php?id=290437"]
[Date "2007.10.21"]
[Round "-"]
[White "Icarvs"]
[Black "theblackfox"]
[Result "0-1"]
[WhiteElo "1512"]
[BlackElo "1604"]

1. e4 e5 2. Nf3 Nc6 3. d4 d6 4. d5 Nb4 5. Bb5+ Bd7 6. Bxd7+ Qxd7 7. O-O Nf6 8.
Nc3 g6 9. a3 Bg7 10. Bg5 Na6 11. b4 Ng4 12. h3 Nf6 13. Qe2 O-O 14. Qe3 c6 0-1

[Event "Challenge"]
[Site "http://www.queenalice.com/game.php?id=290438"]
[Date "2007.10.21"]
[Round "-"]
[White "Icarvs"]
[Black "theblackfox"]
[Result "1-0"]
[WhiteElo "1513"]
[BlackElo "1546"]

1. e4 e5 2. f4 Nc6 3. Nf3 exf4 4. d4 Nf6 5. Nc3 Bb4 6. Bc4 O-O 7. O-O Nh5 8. d5
Na5 9. a3 Bc5+ 10. Kh1 Nxc4 11. b4 Be3 12. Qd3 Nd6 13. Bb2 a5 14. e5 Ne8 15. Nb5
axb4 16. axb4 b6 17. Rxa8 f6 18. Na7 d6 19. Rxc8 Qd7 20. e6 Qe7 21. Nc6 Ng3+ 22.
hxg3 Qxe6 23. dxe6 g5 24. e7 Rf7 25. Rxe8+ Kg7 26. Rd8 Rxe7 27. Nxe7 c5 28. Qd5
cxb4 29. Rg8+ Kh6 30. Bxf6 g4 31. Qg5# 1-0

[Event "Challenge"]
[Site "http://www.queenalice.com/game.php?id=298380"]
[Date "2007.11.5"]
[Round "-"]
[White "JCOELHO"]
[Black "Icarvs"]
[Result "0-1"]
[WhiteElo "1510"]
[BlackElo "1532"]

1. e4 e5 2. Nf3 f5 3. Nc3 Nf6 4. exf5 Nc6 5. Bc4 d6 6. Nd5 Bxf5 7. d3 Nd4 8. Ng5
Qd7 9. Be3 O-O-O 10. Nxf6 gxf6 11. Nf7 d5 12. Bxd5 Qxd5 13. Nxh8 Qxg2 14. Rf1
Nf3+ 15. Ke2 Nd4+ 16. Kd2 Nf3+ 17. Kc1 Bg4 18. h3 Nh2 19. hxg4 Nxg4 20. Rg1 Nxf2
21. Bxf2 Qxf2 22. Rf1 Qe3+ 23. Kb1 Bh6 24. Nf7 Rd5 25. Nxh6 Qxh6 26. a4 f5 27.
Rxf5 c6 28. a5 a6 29. Qg4 Qh1+ 30. Ka2 Rxa5+ 31. Kb3 Qd5+ 32. Qc4 Qxc4+ 33. dxc4
Rxa1 34. Rxe5 b5 35. Re8+ Kd7 36. Rh8 Ra4 37. cxb5 axb5 38. Rxh7+ Kd6 39. Rh6+
Kc5 40. Rh5+ Kb6 41. Rh8 Ra7 42. c4 bxc4+ 43. Kxc4 Ra4+ 44. Kb3 Ra7 45. Kb4 c5+
46. Kc4 Ra4+ 47. Kb3 Rb4+ 48. Ka3 Kb5 49. Rb8+ Kc4 50. b3+ Kc3 51. Rxb4 cxb4+
52. Ka4 Kb2 53. Kb5 Kxb3 54. Kc5 Ka3 55. Kc4 b3 56. Kc3 b2 57. Kc2 Ka2 58. Kd3
b1=Q+ 59. Kd4 Qb5 60. Ke4 Kb3 61. Kd4 Qf5 62. Ke3 Kc3 63. Ke2 Qd3+ 64. Kf2 Kd2
65. Kg1 Ke1 66. Kg2 Qe3 67. Kh2 Kf2 68. Kh1 Qh3# 0-1

[Event "Challenge"]
[Site "http://www.queenalice.com/game.php?id=298382"]
[Date "2007.11.5"]
[Round "-"]
[White "Icarvs"]
[Black "JCOELHO"]
[Result "0-1"]
[WhiteElo "1513"]
[BlackElo "1480"]

1. e4 e5 2. f4 Nc6 3. Nf3 d5 4. exd5 Qxd5 5. Nc3 Qc5 6. d3 Bg4 7. Be2 O-O-O 8.
Nxe5 Nxe5 9. Qd2 Bxe2 10. Nxe2 Ng4 11. b4 Qb6 12. d4 Bxb4 0-1

[Event "Challenge"]
[Site "http://www.queenalice.com/game.php?id=298383"]
[Date "2007.11.5"]
[Round "-"]
[White "Icarvs"]
[Black "JCOELHO"]
[Result "1-0"]
[WhiteElo "1513"]
[BlackElo "1510"]

1. e4 e5 2. Nf3 Nc6 3. d4 d6 4. Bc4 h6 5. O-O Bg4 6. c3 Nf6 7. Nbd2 exd4 8. Qb3
Be6 9. Bxe6 fxe6 10. Qxe6+ Be7 11. Nxd4 Nxd4 12. cxd4 d5 13. e5 Ne4 14. Nxe4
dxe4 15. Qg6+ Kf8 16. a3 Qxd4 17. Be3 Qxb2 18. Qxe4 h5 19. Qf3+ Kg8 20. Rad1 a5
21. Rd7 Bxa3 22. Qf7+ Kh7 23. Qxh5+ Kg8 24. Qg5 Rh7 25. Rd8+ Rxd8 26. Qxd8+ Bf8
27. Qd5+ Kh8 28. e6 Qf6 29. Bg5 c6 30. Qxa5 Qxe6 31. Re1 Qb3 32. Qd8 Qg8 33. Re8
g6 34. Rxf8 Rg7 35. Bf6 Kh7 36. Be5 g5 37. Qd3+ Kh8 38. Qh3# 1-0

[Event "Challenge"]
[Site "http://www.queenalice.com/game.php?id=298384"]
[Date "2007.11.5"]
[Round "-"]
[White "Icarvs"]
[Black "JCOELHO"]
[Result "1-0"]
[WhiteElo "1496"]
[BlackElo "1527"]

1. e4 e5 2. d4 exd4 3. c3 dxc3 4. Bc4 cxb2 5. Bxb2 Nc6 6. Qb3 Qe7 7. Nd2 Ne5 8.
Bxe5 d6 9. Bxf7+ Kd8 10. Bb2 Nf6 11. O-O-O Ng4 12. Qf3 Be6 13. Bxe6 Qxe6 14. Kb1
h5 15. Ne2 a5 16. h3 Ne5 17. Nf4 Qf6 18. Nc4 Nxf3 19. Bxf6+ gxf6 20. Ng6 Rg8 21.
Nxf8 Rxf8 22. gxf3 Ra6 23. Rhg1 b5 24. Ne3 b4 25. Rg7 a4 26. Nd5 b3 27. a3 Rc6
28. Nxf6 Rxf6 29. Rc1 Rb6 30. Rcxc7 Rxf3 31. Rgd7+ Ke8 32. Rh7 Kd8 33. Ra7 Kc8
34. Rh8+ Rf8 35. Rxf8# 1-0

[Event "Challenge"]
[Site "http://www.queenalice.com/game.php?id=316161"]
[Date "2007.12.6"]
[Round "-"]
[White "eduardofelix"]
[Black "Icarvs"]
[Result "0-1"]
[WhiteElo "1743"]
[BlackElo "1547"]

1. d4 d5 2. e3 c5 3. dxc5 Nc6 4. c3 Nf6 5. h3 e5 6. b4 Bf5 7. Be2 b6 8. cxb6
axb6 9. Bb5 Qc8 10. Ba4 Bd7 11. Ne2 Bd6 12. O-O O-O 13. Na3 Bb8 14. Ng3 Qc7 15.
Re1 e4 16. Nh5 Qh2+ 17. Kf1 Be5 18. Nxf6+ Bxf6 19. Qxd5 Bxc3 20. Bxc6 Qh1+ 21.
Ke2 Qxe1# 0-1

[Event "A volta"]
[Site "http://www.queenalice.com/game.php?id=316596"]
[Date "2007.12.7"]
[Round "-"]
[White "eduardofelix"]
[Black "Icarvs"]
[Result "1-0"]
[WhiteElo "1662"]
[BlackElo "1587"]

1. d4 d5 2. e3 c5 3. dxc5 Nc6 4. c3 e5 5. b4 b6 6. Bb5 Bd7 7. Qxd5 Nf6 8. Qd2
Be7 9. cxb6 axb6 10. Bxc6 Bxc6 11. Qxd8+ Rxd8 12. f3 O-O 13. e4 Ba4 14. Bd2 Rd3
15. Nh3 Nh5 16. Nf2 Rd7 17. O-O Nf4 18. Re1 Bb5 19. Bxf4 exf4 20. Na3 Bd3 21.
Red1 Rfd8 22. h3 h5 23. Rac1 Ba6 24. Rxd7 Rxd7 25. Rd1 Rc7 26. Nb1 g5 27. g4 Be2
28. Rd4 Bxf3 29. Kf1 hxg4 30. hxg4 f5 31. exf5 Kf7 32. Rd3 Bc6 33. Rd1 Rc8 34.
Nd3 Kf6 35. Nf2 Rh8 36. a3 Bf3 37. Nd2 Bxd1 38. Nxd1 Rh1+ 39. Ke2 b5 40. Nf2 Rh4
41. Nde4+ Kf7 42. Kd3 Bf6 43. Nd6+ Ke7 44. Nxb5 Rh8 45. Kc4 Rc8+ 46. Kb3 Kd7 47.
a4 Rxc3+ 48. Nxc3 Bxc3 49. Kxc3 1-0

[Event "Challenge"]
[Site "http://www.queenalice.com/game.php?id=326720"]
[Date "2007.12.27"]
[Round "-"]
[White "charlao"]
[Black "Icarvs"]
[Result "0-1"]
[WhiteElo "1529"]
[BlackElo "1567"]

1. e4 e5 2. d4 f5 3. exf5 Qf6 4. Nf3 d6 5. Bg5 Qxf5 6. dxe5 dxe5 7. Qd5 Nf6 8.
Bxf6 gxf6 9. Bd3 Qd7 10. Qc4 Nc6 11. Nc3 a6 12. O-O Qg7 13. g3 Bh3 14. Rfe1
O-O-O 15. Nd5 Be6 16. h3 Bxd5 17. Bf5+ Kb8 18. Qc3 Bd6 19. Re3 Rde8 20. b3 Rhg8
21. Rd1 Nb4 22. a3 e4 23. Nd4 Nc6 24. Nxc6+ Bxc6 25. Qc4 Qg5 26. g4 Qf4 27. Kf1
Bb5 28. Rxe4 Bxc4+ 29. Ke1 Rxe4+ 30. Bxe4 Qxe4+ 31. Kd2 Qd4+ 32. Kc1 Bf4+ 33.
Kb1 Qxd1+ 34. Kb2 Be5+ 35. Ka2 Qa1# 0-1

[Event "charlao"]
[Site "http://www.queenalice.com/game.php?id=335990"]
[Date "2008.1.13"]
[Round "1"]
[White "charlao"]
[Black "Icarvs"]
[Result "0-1"]
[WhiteElo "1233"]
[BlackElo "1587"]

1. e4 e5 2. Nf3 f5 3. exf5 d6 4. Nc3 Bxf5 5. Bc4 Nf6 6. O-O c6 7. Re1 Nbd7 8. d3
d5 9. Bb3 Bd6 10. d4 O-O 11. dxe5 Nxe5 12. Nxe5 Qb8 13. Bg5 Ne4 14. Nxe4 Bxe5
15. Rb1 Bxe4 16. Qg4 Bxh2+ 0-1

[Event "Challenge"]
[Site "http://www.queenalice.com/game.php?id=344064"]
[Date "2008.1.28"]
[Round "-"]
[White "Icarvs"]
[Black "lezeu63"]
[Result "1-0"]
[WhiteElo "1581"]
[BlackElo "1684"]

1. e4 e5 2. d4 exd4 3. c3 c5 4. Bc4 Nf6 5. Qf3 Qe7 6. Nd2 d5 7. Bb5+ Bd7 8.
Bxd7+ Nbxd7 9. Ne2 dxe4 10. Qf4 e3 11. Nc4 exf2+ 12. Qxf2 d3 13. O-O dxe2 14.
Re1 Ng4 15. Qxe2 Qxe2 16. Rxe2+ Be7 17. Bg5 f6 18. Nd6+ Kf8 19. Bf4 Bxd6 20.
Bxd6+ Kf7 21. Re7+ Kg6 22. Rxd7 Rhe8 23. Bxc5 Re2 24. h3 b6 25. hxg4 bxc5 26. b4
c4 27. Rc7 Re4 28. a4 Rxg4 29. b5 a6 30. b6 Rb8 31. a5 h5 32. Re1 Rg5 33. Re3
Rxa5 34. b7 Kh6 35. Ree7 Rg5 36. Rc8 Rxb7 37. Rxb7 Rg4 38. Rbc7 h4 39. Rxc4 Rxc4
40. Rxc4 g5 41. Ra4 f5 42. Rxa6+ Kh5 43. Ra3 f4 44. c4 Kg4 45. c5 Kf5 46. Rd3 g4
47. c6 Ke4 48. Ra3 f3 49. c7 h3 50. gxf3+ gxf3 51. c8=Q f2+ 52. Kxf2 h2 53. Qc4+
Kf5 54. Ra5+ Kf6 55. Qc6+ 1-0

[Event "Challenge"]
[Site "http://www.queenalice.com/game.php?id=351151"]
[Date "2008.2.9"]
[Round "-"]
[White "omegagirl"]
[Black "Icarvs"]
[Result "0-1"]
[WhiteElo "1060"]
[BlackElo "1589"]

1. d4 Nf6 2. e3 d6 3. Qf3 g6 4. Bc4 Bg7 5. Nc3 c6 6. d5 c5 7. Na4 Qa5+ 8. Bd2
Qc7 9. Nh3 a6 10. O-O O-O 11. Ng5 b5 12. Bb3 c4 13. Bxc4 bxc4 14. e4 e6 15. dxe6
Bxe6 0-1

[Event "Challenge"]
[Site "http://www.queenalice.com/game.php?id=353883"]
[Date "2008.2.13"]
[Round "-"]
[White "Icarvs"]
[Black "Football_rules"]
[Result "0-1"]
[WhiteElo "1611"]
[BlackElo "1411"]

1. e4 e5 2. d4 Nc6 3. c3 Nf6 4. Nd2 exd4 5. Ngf3 Bc5 6. Bc4 dxc3 7. bxc3 Ng4 8.
O-O d6 9. Bd5 Bd7 10. Ng5 Qxg5 11. Nc4 Qh5 12. h3 Nce5 13. Ne3 Qg6 14. Rb1 Nxe3
15. fxe3 Bxh3 16. Qc2 Bb6 17. Bxb7 Rb8 18. Bd5 h6 19. Bb2 Bxe3+ 20. Kh1 Bg4 21.
c4 O-O 22. Bxe5 dxe5 23. g3 Qh5+ 24. Qh2 Qg5 25. Qh4 Qg6 26. Rbe1 Bd4 27. a4 a5
28. Rb1 Rb4 29. Rxb4 axb4 30. c5 Kh8 31. c6 Be6 32. Bxe6 Qxe6 33. Rc1 b3 34. Qh2
b2 35. Rb1 Qxc6 36. Qg2 Ra8 0-1

[Event "charlao"]
[Site "http://www.queenalice.com/game.php?id=364873"]
[Date "2008.3.3"]
[Round "2"]
[White "Icarvs"]
[Black "mattbel"]
[Result "1-0"]
[WhiteElo "1609"]
[BlackElo "1666"]

1. e4 e5 2. d4 Nf6 3. Bd3 Bd6 4. d5 O-O 5. Nf3 c6 6. c4 Qb6 7. O-O Na6 8. a3 Nc5
9. b4 Na6 10. Bd2 c5 11. b5 Nc7 12. a4 Nce8 13. a5 Qd8 14. Nc3 b6 15. a6 Bc7 16.
Nh4 d6 17. Nf5 Bxf5 18. exf5 Qc8 19. Qf3 Bd8 20. g4 Nc7 21. Qg3 Re8 22. f4 g6
23. h3 Kf8 24. h4 Ke7 25. g5 Nd7 26. f6+ Kf8 27. Ne4 Qb8 28. Nxd6 exf4 29. Qxf4
Re5 30. Rfe1 Rxe1+ 31. Bxe1 Ne8 32. Bg3 Bc7 33. Qg4 Ne5 34. Bxe5 Bxd6 35. Bxd6+
Qxd6 36. Re1 Rd8 37. Be4 Qe5 38. Kf1 Nd6 39. Kf2 Nxc4 40. Bd3 Qb2+ 41. Re2 Qd4+
42. Qxd4 cxd4 43. Bxc4 Re8 44. Rd2 Re4 45. d6 Ke8 46. Re2 Rxe2+ 47. Kxe2 Kd7 48.
Bxf7 Kxd6 49. h5 gxh5 50. Bxh5 Kd7 51. Kd3 Ke6 52. Kxd4 Kd6 53. Bg4 1-0

[Event "Challenge"]
[Site "http://www.queenalice.com/game.php?id=374396"]
[Date "2008.3.20"]
[Round "-"]
[White "kfe"]
[Black "Icarvs"]
[Result "0-1"]
[WhiteElo "1630"]
[BlackElo "1591"]

1. d4 Nf6 2. Nc3 g6 3. e4 d6 4. e5 dxe5 5. dxe5 Qxd1+ 6. Nxd1 Nd5 7. Nf3 Bg7 8.
Bc4 e6 9. Nc3 c6 10. O-O O-O 11. Rd1 a6 12. Rd4 Nd7 13. Rh4 b5 14. Bd3 c5 15.
Ne4 h5 16. g4 Nxe5 17. Be2 f5 18. gxh5 fxe4 19. Ng5 Nf3+ 20. Bxf3 exf3 21. hxg6
Ne7 22. Nxf3 Rxf3 23. Bh6 Rf6 24. Bxg7 Rxg6+ 25. Kh1 Bb7+ 0-1

[Event "Challenge"]
[Site "http://www.queenalice.com/game.php?id=374558"]
[Date "2008.3.21"]
[Round "-"]
[White "mandacaru"]
[Black "Icarvs"]
[Result "0-1"]
[WhiteElo "1680"]
[BlackElo "1627"]

1. e4 e5 2. Nf3 f5 3. d3 Nc6 4. exf5 Nf6 5. a3 d5 6. Nc3 Bxf5 7. d4 e4 8. Nh4
Bg4 9. Qd2 Bd6 10. f3 Bh5 11. Qg5 Qe7 12. Bb5 exf3+ 13. Kf2 O-O 14. Bxc6 bxc6
15. Re1 Qd8 16. Nf5 Qd7 17. Bf4 Bxf4 18. Qxf4 Rae8 19. Rxe8 Rxe8 20. Qg5 fxg2
21. Rg1 Bg6 22. Nh4 Qf7 23. Nxg6 Ne4+ 24. Ke1 Nxg5+ 0-1

[Event "charlao"]
[Site "http://www.queenalice.com/game.php?id=377207"]
[Date "2008.3.26"]
[Round "3"]
[White "spawnwolfwolverine"]
[Black "Icarvs"]
[Result "1-0"]
[WhiteElo "1620"]
[BlackElo "1631"]

1. c4 e5 2. d3 d6 3. e4 Nf6 4. Bg5 Be7 5. Nf3 Nbd7 6. Be2 O-O 7. O-O c6 8. a3 d5
9. cxd5 cxd5 10. b4 d4 11. Nbd2 b5 12. Nb3 Bb7 13. Na5 Qb6 14. Nxb7 Qxb7 15. Rc1
a5 16. Nh4 Rfb8 17. bxa5 Rxa5 18. Bxf6 Bxf6 19. Nf5 b4 20. axb4 Qxb4 21. Rc4 Qb2
22. Bg4 Nc5 23. g3 Rab5 24. Nd6 Rb3 25. Rxc5 Qb1 26. Rc8+ Rxc8 27. Nxc8 Qxd3 28.
Qxd3 Rxd3 29. Nd6 g6 30. f4 h5 31. Be2 Re3 32. Kf2 Be7 33. fxe5 Bxd6 34. exd6
Kf8 35. Bf3 Ke8 36. Rd1 Ra3 37. Rxd4 Ra2+ 38. Be2 Kd7 39. h4 f6 40. Kf3 Ra6 41.
Bxa6 1-0

[Event "Challenge"]
[Site "http://www.queenalice.com/game.php?id=377632"]
[Date "2008.3.26"]
[Round "-"]
[White "Icarvs"]
[Black "mandacaru"]
[Result "0-1"]
[WhiteElo "1645"]
[BlackElo "1685"]

1. e4 e5 2. d4 exd4 3. c3 dxc3 4. Nxc3 Bb4 5. Bc4 Nf6 6. Qb3 Bxc3+ 7. bxc3 O-O
8. e5 Qe7 9. Nf3 Nc6 10. Bf4 Na5 11. Qa4 b6 12. Bb3 Qc5 13. Qd4 Re8 14. O-O Qxd4
15. cxd4 Ne4 16. Rfc1 c6 17. Bc2 f5 18. Ng5 Nxg5 19. Bxg5 h6 20. Bf4 g5 21. Bd2
Nc4 22. Bc3 d5 23. h3 c5 24. g4 cxd4 25. Bxd4 Nd2 26. Kg2 fxg4 27. hxg4 Bxg4 28.
Rh1 Bf3+ 29. Kg3 Bxh1 30. Rxh1 Re6 31. f4 gxf4+ 32. Kxf4 Rf8+ 33. Kg4 Rg6+ 34.
Kh5 Rg5+ 35. Kxh6 Nf3 36. Bb3 Rd8 37. Be3 Rxe5 0-1